Κατάλογος Βιβλιοθηκών Mediterranean College

Γλώσσα και Επικοινωνία στο Παιδί (Record no. 6123)

MARC details
000 -LEADER
fixed length control field 02147cam a22002054a 4500
005 - ΗΜΕΡΟΜΗΝΙΑ ΚΑΙ ΩΡΑ ΤΕΛΕΥΤΑΙΑΣ ΕΝΗΜΕΡΩΣΗΣ
Πεδίο ελέγχου 20250605164233.0
008 - FIXED-LENGTH DATA ELEMENTS--GENERAL INFORMATION
Πεδίο ελέγχου σταθερού μήκους 250528s ||||||||||||||||||||||||d
035 ## - SYSTEM CONTROL NUMBER
System control number 21052
020 ## - ISBN
ISBN 9789602101223
040 ## - ΠΗΓΗ ΚΑΤΑΛΟΓΟΓΡΑΦΗΣΗΣ
Φορέας πρωτότυπης καταλογογράφησης MC Athens Campus Library
Γλώσσα καταλογογράφησης Ελληνικά, Μοντέρνα (1453-)
Modifying agency MC Athens Campus Library
Κανόνες περιγραφικής καταλογογράφησης AACR2
245 1# - ΤΙΤΛΟΣ ΚΑΙ ΔΗΛΩΣΗ ΥΠΕΥΘΥΝΟΤΗΤΑΣ
Τίτλος Γλώσσα και Επικοινωνία στο Παιδί
250 ## - EDITION STATEMENT
Edition statement
260 ## - PUBLICATION, DISTRIBUTION, ETC.
Name of publisher, distributor, etc. Οδυσσέας,
Date of publication, distribution, etc. 2009
300 ## - PHYSICAL DESCRIPTION
Extent 304
520 ## - SUMMARY, ETC.
Summary, etc. Η ανάπτυξη της γλώσσας αποτελεί ζήτημα-κλειδί για τη μελέτη της ψυχικής και κοινωνικής ανάπτυξης του παιδιού διότι η γλώσσα διαδραματίζει θεμελιακό ρόλο στη διαμόρφωση του ψυχισμού της νοημοσύνης και της κοινωνικής ζωής. Πρόλογος, Εισαγωγή, Εισαγωγή στη Μελέτη της Γλωσσικής και Επικοινωνιακής Ανάπτυξης του Παιδιού: Ιστορικές και Θεωρητικές κα Μεθοδολογικές Διαστάσεις, Ιστορική Ανασκόπηση του Κλάδου, Θεωρητικά Ζητήματα της Μάθησης της Γλώσσας, Η Κατάκτηση του Γλωσσικού Συστήματος: Περιγραφή και Ερμηνεία της Ανάπτυξης της Γλώσσας, Η Κατάκτηση του Φωνολογικού Συστήματος, Η Κατάκτηση της Γραμματικής, Η Κατάκτηση των Σημασιολογικών Γνώσεων, Η Ανάπτυξη των Επικοινωνιακών Ικανοτήτων, Η Ανάπτυξη Πραγματολογικών και Κειμενικών και Κοινωνιογλωσσικών Ικανοτήτων, Επικοινωνιακές Ικανότητες και Εκπαίδευση: Γνωστικές και Κοινωνικές Διαστάσεις των Χρήσεων του Λόγου, Βιβλιογραφία.
700 1# - ΠΡΟΣΘΕΤΗ ΑΝΑΓΡΑΦΗ--ΦΥΣΙΚΟ ΠΡΟΣΩΠΟ
Personal name Κατή Δήμητρα
9 (RLIN) 3952
942 ## - ADDED ENTRY ELEMENTS (KOHA)
Koha item type Books
Holdings
Τύπος τεκμηρίου Βιβλιοθήκη Τρέχουσα τοποθεσία Barcode Αριθμός εισαγωγής Ημερομηνία απόκτησης Ταξιθετικό σύμβολο Αριθμός αντιτύπου Κατάσταση απόσυρσης Κατάσταση χαμένου Κατάσταση κατεστραμμένου Μη δανεισμός Σύνολο δανεισμών Ημερομηνία τελευταίας εμφάνισης Η τιμή ισχύει από
Books MC Athens Campus Library MC Athens Campus Library 9780000061225 7061 05/06/2025 REF 401.9 KAT 1           05/06/2025 05/06/2025

MC Athens Campus Library
Πατησίων 94 & Κοδριγκτώνος 13, 104 34
Πελλήνης 8 & Πατησίων 107, 112 51
Τ: +30 210 8899600

MC Thessaloniki Campus Library
Ίωνος Δραγούμη 21, 54625 | Ίωνος Δραγούμη 15, 54625
Τ: +30 2310 287779 – Τ: +30 2314 440300